Элементарная математика для первокурсника: учебное пособие

Chi tiết về thư mục
Tác giả chính: Антонов В. И. Валерий Иванович
Tác giả khác: Копелевич Ф. И. Фаина Ильинична
Tóm tắt:Данное учебное пособие содержит теоретический материал и разобранные примеры задач по основным разделам математики, которые входят в образовательную программу для учеников средней школы. В конце каждой главы приведены задачи для самостоятельного решения. Пособие выпущено в качестве справочного материала для студентов первых курсов различных вузов с целью самостоятельного повторения школьного курса математики, для подготовки к изучению разделов высшей математики студентами 1-2 курсов, а также для систематизации полученных знаний абитуриентами.
Ngôn ngữ:Tiếng Nga
Được phát hành: Санкт-Петербург, Лань, 2013
Loạt:Учебники для вузов. Специальная литература
Những chủ đề:
Định dạng: Sách
KOHA link:https://koha.lib.tpu.ru/cgi-bin/koha/opac-detail.pl?biblionumber=234237

MARC

LEADER 00000nam0a2200000 4500
001 234237
005 20231101231313.0
010 |a 9785811414130 
035 |a (RuTPU)RU\TPU\book\255347 
090 |a 234237 
100 |a 20130320d2013 m y0rusy50 ca 
101 0 |a rus 
102 |a RU 
105 |a a j 001zy 
200 1 |a Элементарная математика для первокурсника  |e учебное пособие  |f В. И. Антонов, Ф. И. Копелевич 
210 |a Санкт-Петербург  |c Лань  |d 2013 
215 |a 102 с.  |c ил. 
225 1 |a Учебники для вузов. Специальная литература 
320 |a Библиогр.: с. 99. 
330 |a Данное учебное пособие содержит теоретический материал и разобранные примеры задач по основным разделам математики, которые входят в образовательную программу для учеников средней школы. В конце каждой главы приведены задачи для самостоятельного решения. Пособие выпущено в качестве справочного материала для студентов первых курсов различных вузов с целью самостоятельного повторения школьного курса математики, для подготовки к изучению разделов высшей математики студентами 1-2 курсов, а также для систематизации полученных знаний абитуриентами. 
606 1 |a Математика  |2 stltpush  |3 (RuTPU)RU\TPU\subj\67327  |9 83171 
610 1 |a арифметика 
610 1 |a алгебра 
610 1 |a алгебраические уравнения 
610 1 |a неравенства 
610 1 |a функциональная зависимость 
610 1 |a тригонометрия 
610 1 |a математическая логика 
610 1 |a планиметрия 
610 1 |a векторы 
675 |a 51(075.8)  |v 3 
700 1 |a Антонов  |b В. И.  |g Валерий Иванович 
701 1 |a Копелевич  |b Ф. И.  |g Фаина Ильинична 
801 1 |a RU  |b 63413507  |c 20130320 
801 2 |a RU  |b 63413507  |c 20150430  |g RCR 
900 |a Математика 
942 |c BK 
959 |a 57/20130320  |d 5  |e 249,92  |f ЧЗТЛ:1  |f АНЛ:1  |f УФ:3